000 00476nam a2200193Ia 4500
005 20240823032640.0
008 240823s9999||||xx |||||||||||||| ||und||
020 _a978-0-521-67037-1
041 _aENGLISH
082 _A621.3845 P9
100 _a"Richardson,Andrew"
245 0 _aWCDMA Design Handbook
250 _a1st
260 _c2009
_b"Cambridge Universities Press,New Delhi"
500 _aYES
650 _aWCDMA
_bElectronics
942 _cBK
999 _c193932
_d193932